000 01022cam a2200349 a 4500
999 _c8597
_d8597
001 8597
003 BD - JhCC
005 20180227195840.0
008 990216s2000 nyua b 000 0 eng
020 _a0521222265
020 _a0521294029 (pbk.)
035 _a(BD - JhCC)8597
035 _a(OCoLC)40848629
035 _a(OCoLC)43539927
040 _aDLC
_cDLC
_dUKM
_dMYG
_dBD - JhCC
041 _aeng
050 0 0 _aPR2805.A2
_bB58 2000
082 0 0 _a822.3/3
_221
_bSHA 2000
100 1 _aShakespeare, William,
_d1564-1616.
245 1 0 _aCoriolanus /
_cedited by Lee Bliss.
260 _aNew York :
_bCambridge University Press,
_c2000.
300 _axii, 303 p. :
_bill. ;
_c24 cm.
490 1 _aThe new Cambridge Shakespeare
504 _aIncludes bibliographical references (p. 301-303).
600 1 0 _aCoriolanus, Cnaeus Marcius
650 0 _aHeroes
_zRome
_vDrama.
655 7 _aTragedies.
_2gsafd
700 1 _aBliss, Lee,
_d1943-
942 _2ddc
_cBK
949 _ah
_p39080015915181